| 000 | 01012nam a22003017a 4500 | ||
|---|---|---|---|
| 003 | CHAP | ||
| 005 | 20220817042512.0 | ||
| 008 | 971013s1966 r 00010 d | ||
| 010 | _a46503 | ||
| 011 | _a47475 | ||
| 035 | _a51617 | ||
| 040 | _cCHAP | ||
| 090 | _aFolleto 971 | ||
| 100 | 0 | 0 |
_aThorbecke, Erik. _9112959 |
| 245 | _aDetermination of aggregate and sectoral growth rates for Peru , 1960-70 | ||
| 260 |
_aAmes : _bIowa State University. Department of Economics and Sociology, _c1966 |
||
| 300 | _a19 p. | ||
| 490 |
_aInternational studies in economics. Monograph _v; 1 |
||
| 590 |
_aBATCH-UPD _b10 _c20130110 _lUCH01 _h2250 |
||
| 590 |
_aBATCH-UPD _b10 _c20130410 _lUCH01 _h1543 |
||
| 590 |
_aBATCH-UPD _b10 _c20130914 _lUCH01 _h1931 |
||
| 590 |
_aCONVERSION _b10 _c20130109 _lUCH01 _h1325 |
||
| 650 | 1 | 4 |
_aPolítica económica _xPerú. _990520 |
| 830 | 0 |
_aInternational studies in economics Monograph _v; 1 |
|
| 901 | _aBK | ||
| 942 | _cFOLL | ||
| 949 |
_aFolleto 971 _bBC _cFOLL _d-115365 _eTS1 _i51617 _si |
||
| 999 |
_c46503 _d46503 |
||